000 02824nam a2200229Ia 4500
003 Ost
005 20260507074933.0
008 260507s9999||||xx |||||||||||||| ||und||
040 _cfsecg
041 _aara
082 _a339
100 _aالدباغ، اسامة بشير
_eمؤلف
245 0 _aالبطالة والتضخم :
_bالمقولات النظرية ومناهج السياسة الاقتصادية /
_c اسامة بشير الدباغ
260 _aعمان:
_bدار الاهلية للنشر,
_c2007
300 _a456 صفحة؛
_c24 سم
504 _aبيبليوغرافيا ص.434 فهرس الموضوعات والاعلام ص.448
520 _aمقدمة-الباب الأول : المناهج التقليدية في التحليل الاقتصادي الكلي : الفصل الأول : نموذج الفكر الكلاسيكي الدخل والعمالة والإنتاج : محددات الدخل والعمالة والإنتاج في النموذج الكلاسيكي : الفصل الثاني : نموذج الفكر الكلاسيكي النظرية الكمية في النقود : النظرية الكمية كنظرية في الأسعار : الفصل الثالث : الانقلاب الكينزي : فروض النموذج الكينزي : الفصل الرابع : نموذج هكس والتوازن الاقتصادي العام : نموذج التوازن الاقتصادي العام : الفصل الخامس : العمالة والاستخدام من المنظور الكينزي : النظرية الكلاسيكية في التوظيف : الفصل السادس : نموذج فيلبس والعلاقة بين التضخم والبطالة : فيلبس والمعادلة الناقصة-الباب الثاني : المناهج الحديثة في التحليل الاقتصادي الكلي : الفصل السابع : النظرية النقدية الحديثة : المنهج التحليلي للنظرية النقدية : الفصل الثامن : نموذج فيلبس والتوقعات السعرية : فائض الطلب على العمال والأجور الحقيقية : الفصل التاسع : المدرسة الكلاسيكية الحديثة بين الرشد وفعالية الساسية الاقتصادية : الهيكل التحليلي للنظرية الكلاسيكية الحديثة : الفصل العاشر : نظرية الدورة التجارية الحقيقية : نظرية الدورة التجارية الحقيقية من المنظور التاريخي : الفصل الحادي عشر : المدرسة الكينزية الحديثة : النظرية الكينزية الحديثة الفروض الرئيسة.
653 _aإقتصاد كلي
653 _aبطالة
653 _aتضخم
942 _cكتاب
999 _c41868
_d41868